000 00654nam a22001937a 4500
003 DO-SdBNP
005 20220916113128.0
007 ta
008 211108b2011 dr ||||| |||| 00| 0 spa d
040 _aDO-SdBNP
_bspa
_cBNPHU
082 4 _222
111 _4III Congreso Renovar la Esperanza, dedicado a Abelardo Vicioso.
_cSanto Domingo
_d(2011 : 15 de mayo
_n3: )
_980514
245 1 0 _aRenovar la esperanza :
_bestatutos tercer congreso dedicado a Abelardo Vicioso.
260 _aSanto Domingo :
_bAlianza por la Demogracia,
_c2011.
300 _a27 p. ;
_c21 cm.
590 _aInventariado, 2021 /LP
910 _aLopérez
942 _2ddc
_cLBS1
999 _c50882
_d50882